Sports Quiz

Random Sports Quiz
Score 0/117 Timer 15:00
0 Plays Today
Hint Answer % Correct
1Saja
90.9%
1Saja
90.9%
10Romagnoli
90.9%
10Romagnoli
90.9%
10Romagnoli
90.9%
1Orion
81.8%
1Ibañez
81.8%
2Ameli
72.7%
2Tula
72.7%
4Paredes
72.7%
5Michelini
72.7%
6Tuzzio
72.7%
9Romeo
72.7%
9Romeo
72.7%
9Romeo
72.7%
1Monetti
63.6%
7Silvera
63.6%
8Rivero
63.6%
9Acosta
63.6%
11Erviti
63.6%
1Campagnuolo
54.5%
1Campagnuolo
54.5%
1Champagne
54.5%
2Gonzalo Rodriguez
54.5%
2Gonzalo Rodriguez
54.5%
4Gonzalo Rodriguez
54.5%
10Lavezzi
54.5%
2Adrian Gonzalez
45.5%
3Morel
45.5%
3Franco
45.5%
5Mercier
45.5%
6Bottinelli
45.5%
7Astudillo
45.5%
7Buffarini
45.5%
8Franco
45.5%
9Cauteruccio
45.5%
11Angel Correa
45.5%
1Montero
36.4%
4Peruzzi
36.4%
Hint Answer % Correct
5Solari
36.4%
5Ortigoza
36.4%
6Gentiletti
36.4%
6Caruzzo
36.4%
8Ortigoza
36.4%
9Blandi
36.4%
10Oscar Romero
36.4%
11Ferreyra
36.4%
11Angel Romero
36.4%
1Ramirez
27.3%
1Albil
27.3%
1Cristian Alvarez
27.3%
2Cetto
27.3%
3Aureliano Torres
27.3%
3Voboril
27.3%
3Voboril
27.3%
3Senesi
27.3%
6Senesi
27.3%
7Barrientos
27.3%
7Mussis
27.3%
8Kalinski
27.3%
9Gaston Fernandez
27.3%
9Stracqualursi
27.3%
10D'Alessandro
27.3%
10Barrientos
27.3%
11Aureliano Torres
27.3%
11Barrientos
27.3%
11Cerutti
27.3%
11Cerutti
27.3%
1Leo Franco
18.2%
2Angeleri
18.2%
3Bruno Pitton
18.2%
4Prosperi
18.2%
5Ortiz
18.2%
5Acevedo
18.2%
5Ariel Rojas
18.2%
6Capria
18.2%
6Capria
18.2%
7Estevez
18.2%
Hint Answer % Correct
7Menseguez
18.2%
7Bareiro
18.2%
8Castellani
18.2%
8Mauro Pitton
18.2%
8Diego Rodriguez
18.2%
9Herrera
18.2%
9Velazquez
18.2%
3Yepes
9.1%
3Damian Perez
9.1%
4Chaco Torres
9.1%
4Luna
9.1%
5Kily Gonzalez
9.1%
5Chaco Torres
9.1%
5Menossi
9.1%
6Frutos
9.1%
6Donatti
9.1%
9Luna
9.1%
9Cardozo
9.1%
10Leo Rodriguez
9.1%
10Montillo
9.1%
11Tellechea
9.1%
11Franco Jara
9.1%
11Renteria
9.1%
2Medero
0%
2Iribarren
0%
3Ariel Pereyra
0%
3Cristian Chavez
0%
3Luciatti
0%
4Paolo Montero
0%
7Salazar
0%
8Herron
0%
8Ormazabal
0%
8Zabaleta
0%
8Tino Costa
0%
8Gudiño
0%
11Di Lorenzo
0%
11Jose Garcia
0%
11Messera
0%
11Viola
0%
Come Together.
Have Fun.
All Virtual.
We all need to come together. Play Sporcle's virtual live trivia to have fun, connect with people, and get your trivia on. Join a live hosted trivia game for your favorite pub trivia experience done virtually. If a virtual private party is more your thing, go here for details.

You're not logged in!

Compare scores with friends on all Sporcle quizzes.
OR
Log In

Sporcle TV

Today on Sporcle TV


Watch our educational content, quiz creation guides, and fun videos on Sporcle TV.

Show Comments

Extras

Created Feb 14, 2020ReportNominate
Tags:2000, san

Top Quizzes Today


Score Distribution

Paid Content

Your Account Isn't Verified!

In order to create a playlist on Sporcle, you need to verify the email address you used during registration. Go to your Sporcle Settings to finish the process.

Report this User

Report this user for behavior that violates our Community Guidelines.

Details: